Top 10 Cities In Algeria by Population - Statistics

General Stats
  • This quiz has been taken 10 times
  • The average score is 3 of 10
Answer Stats
Hint Answer % Correct
1,978,000 Algiers
89%
646,000 Oran
89%
450,000 Constantine
56%
207,000 Annaba
33%
288,000 Setif
33%
281,000 Batna
11%
192,000 Sidi Bel Abbes
11%
308,000 Biskra
0%
182,000 Blida
0%
634,000 Tebessa
0%
No matching quizzes found
Score Distribution
Percent of People with Each Score
Percentile by Number Answered
Your Score History
You have not taken this quiz